|
|
|
|
| LEADER |
00000nam0a2200000 4500 |
| 001 |
64576 |
| 005 |
20231031065725.0 |
| 010 |
|
|
|a 5703816823
|
| 035 |
|
|
|a (RuTPU)RU\TPU\book\68526
|
| 090 |
|
|
|a 64576
|
| 100 |
|
|
|a 20040603d2003 m y0rusy50 ca
|
| 101 |
0 |
|
|a rus
|
| 102 |
|
|
|a RU
|
| 105 |
|
|
|a a j 001zy
|
| 200 |
1 |
|
|a Дифференциальное исчисление функций многих переменных
|e учебник
|f А. Н. Канатников, А. П. Крищенко, В. Н. Четвериков
|g Под ред. В. С. Зарубина; А. П. Крищенко
|
| 205 |
|
|
|a 2-е изд., стереотип.
|
| 210 |
|
|
|a Москва
|c Изд-во МГТУ
|d 2003
|
| 215 |
|
|
|a 455 с.
|c ил.
|
| 225 |
1 |
|
|a Математика в техническом университете
|h Вып. 5
|
| 320 |
|
|
|a Библиогр.: с. 443-445
|
| 320 |
|
|
|a Предметный указатель: с. 446-452
|
| 610 |
1 |
|
|a высшая математика
|
| 610 |
1 |
|
|a математический анализ
|
| 610 |
1 |
|
|a функции многих переменных
|
| 610 |
1 |
|
|a многие переменные
|
| 610 |
1 |
|
|a дифференциальные исчисления
|
| 610 |
1 |
|
|a учебники
|
| 610 |
1 |
|
|a отображения
|
| 610 |
1 |
|
|a дифференцируемые функции
|
| 610 |
1 |
|
|a производные
|
| 610 |
1 |
|
|a дифференциалы
|
| 610 |
1 |
|
|a неявные функции
|
| 610 |
1 |
|
|a геометрические приложения
|
| 610 |
1 |
|
|a экстремумы
|
| 610 |
1 |
|
|a условный экстремум
|
| 610 |
1 |
|
|a поверхности
|
| 610 |
1 |
|
|a геометрия
|
| 610 |
1 |
|
|a системы нелинейных уравнений
|
| 610 |
1 |
|
|a решения
|
| 610 |
1 |
|
|a нелинейные уравнения
|
| 610 |
1 |
|
|a численные методы
|
| 610 |
1 |
|
|a интерполирование
|
| 610 |
1 |
|
|a многообразия
|
| 675 |
|
|
|a 517.2(075.8)
|v 3
|
| 700 |
|
1 |
|a Канатников
|b А. Н.
|g Анатолий Николаевич
|
| 701 |
|
1 |
|a Крищенко
|b А. П.
|g Александр Петрович
|
| 701 |
|
1 |
|a Четвериков
|b В. Н.
|g Владимир Николаевич
|
| 702 |
|
1 |
|a Зарубин
|b В. С.
|4 340
|
| 702 |
|
1 |
|a Крищенко
|b А. П.
|4 340
|
| 801 |
|
1 |
|a RU
|b 63413507
|c 20040603
|g PSBO
|
| 801 |
|
2 |
|a RU
|b 63413507
|c 20200827
|g PSBO
|
| 900 |
|
|
|a Дифференциальное исчисление
|
| 942 |
|
|
|c BK
|
| 952 |
|
|
|a 510100
|b 010100
|